000 00716nam a22002297a 4500
999 _c14196
_d14196
003 MIRAKIL
005 20201113135721.0
008 201113b tu ||||| |||| 00| 0 tur d
040 _aTR-AnCHP
_cTR-AnCHP
041 _atur
082 _aATA 016.923156
_bA72 1984
245 1 0 _aAtatürk kaynakçası:
_bGazete makaleleri-şiirler/
_cHazırlayan Leman Şenalp.
246 _aGazete makaleleri-şiirler
260 _aAnkara:
_bTürk Tarih Kurumu,
_c1984.
300 _a254 s.:
_c23 sm.
504 _aDizin vardır.
600 1 4 _91465
_aAtatürk, Gazi Mustafa Kemal
_d1881-1938
_xKaynakçalar
700 _96600
_aŞenalp, Leman
_ehaz.
740 _aGazete makaleleri-şiirler
942 _2ddc
_cBKS
999 _d14196